| 000 | 00658nam a2200217 4500 | ||
|---|---|---|---|
| 001 | 111087 | ||
| 003 | ES-MaACL | ||
| 005 | 20230906185234.0 | ||
| 007 | t| | ||
| 008 | 061121s1966 sp r ||||1| spa d | ||
| 080 | _a001:1 | ||
| 100 | 1 |
_aNagel, Ernest. _984838 |
|
| 245 | 1 | 0 |
_aRazón soberana y otros estudios de filosofía de la ciencia / _cErnest Nagel ; [traducción por J.L.A.G.]. |
| 260 |
_aMadrid : _bTecnos, _c1966. |
||
| 300 |
_a344 p. ; _c24 cm. |
||
| 490 | 1 |
_aEstructura y función ; _v22 |
|
| 650 | 4 |
_aCiencia- _xFilosofía. _910950 |
|
| 830 | 1 |
_aEstructura y función ; _v22 _9181428 |
|
| 852 | 4 |
_aES-MaACL _jC-30738 |
|
| 999 |
_c111087 _d111087 |
||